Gul dasta (Record no. 39310)
[ view plain ]
| 000 -LEADER | |
|---|---|
| fixed length control field | 01043nam a2200145Ia 4500 |
| 008 - FIXED-LENGTH DATA ELEMENTS--GENERAL INFORMATION | |
| fixed length control field | 210329s9999||||xx |||||||||||||| ||und|| |
| 040 ## - CATALOGING SOURCE | |
| Transcribing agency | STCPL |
| 082 ## - DEWEY DECIMAL CLASSIFICATION NUMBER | |
| Classification number | 920.02 |
| Item number | KAM-G |
| 245 #0 - TITLE STATEMENT | |
| Title | Gul dasta |
| Title in other language | गुलदस्ता |
| 260 ## - PUBLICATION, DISTRIBUTION, ETC. | |
| Place of publication, distribution, etc. | Bangalore |
| Name of publisher, distributor, etc. | Aradhana Brothers |
| Date of publication, distribution, etc. | 1991 |
| 300 ## - PHYSICAL DESCRIPTION | |
| Extent | P 84 21 CM |
| 650 ## - SUBJECT ADDED ENTRY--TOPICAL TERM | |
| Topical term or geographic name entry element | General Biography, Genealogy, InsigniaGeneral Collections Of Biographyഓണത്തപ്പന്, തീര്ത്ഥയാത്ര, നീവന്നു, കൂപ്പുകൈ, ലഹരി, വിഡ്ഢികളേ , ശില്പശാല, പിറന്നനാട്, അമരഭൂമി, വാനോളം വളരുന്നു, ഇന്നലെ ഇന്ന്, നാളെ, അന്നും ഇന്നും, വഴിമാറൂ, മൂന്നു രൂപം, കുടിപ്പക, മരം, പരാപരാ, മലയാളമങ്ക, കടം, മലയും മഴയും, സിസ്റ്റര്, ഏകാകിനി |
| 942 ## - ADDED ENTRY ELEMENTS (KOHA) | |
| Koha item type | Books |
| 041 ## - LANGUAGE CODE | |
| Language code of original | |
| Withdrawn status | Lost status | Damaged status | Not for loan | Home library | Current library | Shelving location | Date acquired | Cost, normal purchase price | Total Checkouts | Full call number | Barcode | Date last seen | Price effective from | Koha item type |
|---|---|---|---|---|---|---|---|---|---|---|---|---|---|---|
| ST. THOMAS COLLEGE LIBRARY, PALAI | ST. THOMAS COLLEGE LIBRARY, PALAI | 2021-07-10 | 50.00 | 920.02 KAM-G | 55154 | 2021-07-10 | 2021-07-10 | Books |
